La opción del "devengado exigible" en el impuesto a las ganancias (Registro nro. 34827)

Detalles MARC
000 -LEADER
fixed length control field 00366 a2200121 4500
001 - CONTROL NUMBER
control field ART_45473
005 - DATE AND TIME OF LATEST TRANSACTION
control field 20260410162040.0
008 - FIXED-LENGTH DATA ELEMENTS--GENERAL INFORMATION
fixed length control field 260409a
100 1# - MAIN ENTRY--PERSONAL NAME
Personal name Balán, Osvaldo
245 10 - TITLE STATEMENT
Title La opción del "devengado exigible" en el impuesto a las ganancias
700 1# - ADDED ENTRY--PERSONAL NAME
Personal name Bello, Alberto M.
773 0# - HOST ITEM ENTRY
Title Impuestos
Related parts - Nº 24 (mar. 2018)
Record control number REV45175

No hay ítems disponibles.